000 00595nam a2200193 i 4500
001 102578
003 ES-MaACL
005 20240522092753.0
007 t|
008 051117s1967 sp ||||1| spa d
100 1 _aMerton, Thomas.
_980619
245 1 0 _aIncursiones en lo indecible /
_cThomas Merton; [traducción de José María Valverde].
260 _aBarcelona :
_bPomaire,
_c1967.
300 _a145 p. ;
_c20 cm.
700 1 _aValverde, José María,
_d1926-1996
_9113013
852 _aES-MaACL
_jC-33499
_bR.63980
852 _aES-MaACL
_jC-39760
_bR.69273
999 _c102578
_d102578